Codificación en wavelets utilizando el TMS320C50
Salvato in:
| Autore principale: | |
|---|---|
| Altri autori: | |
| Natura: | Libro |
| Pubblicazione: |
San José, C.R.
2001
|
| Soggetti: | |
| Tags: |
Aggiungi Tag
Nessun Tag, puoi essere il primo ad aggiungerne!!
|
MARC
| LEADER | 00000nam a2200000Ia 4500 | ||
|---|---|---|---|
| 003 | 008885 | ||
| 005 | 20221231144156.0 | ||
| 008 | 140114s2011 cr a 000 ||s d | ||
| 040 | |c cru CEDI | ||
| 090 | |a TFG 4446 | ||
| 100 | |a Chinchilla Sánchez, Carlos |9 7495 | ||
| 245 | |a Codificación en wavelets utilizando el TMS320C50 | ||
| 260 | |c 2001 |a San José, C.R. | ||
| 300 | |a x, 150 hojas : ilustraciones | ||
| 500 | |a Proyecto de graduación (bachillerato en ingeniería eléctrica)--Universidad de Costa Rica. Facultd de Ingeniería. Escuela de Ingeniería Eléctrica | ||
| 650 | |x PROCESAMIENTO DE SONIDO POR COMPUTADORA |x PROCESAMIENTO DE SEÑALES |x TECNICAS DIGITALES |x ALGORITMOS (COMPUTADORAS) |x PROCESAMIENTO DE SONIDO POR COMPUTADORA |x ONDAS |x MODELOS MATEMATICOS |9 7497 | ||
| 700 | |9 7496 |a Umaña Valverde, Claudio | ||
| 942 | |c TFG | ||
| 999 | |c 17995 |d 17995 | ||
